|
|
|
|
| LEADER |
00000cam a2200000 7i4500 |
| 001 |
0000003281 |
| 005 |
20050819.0 |
| 020 |
0 |
0 |
|a 0130662577
|
| 090 |
0 |
0 |
|a 577
|b BUS
|
| 100 |
1 |
0 |
|a Bush, Mark B.
|
| 245 |
1 |
0 |
|a Ecology of a changing planet
|c Mark B. Bush
|
| 250 |
0 |
0 |
|a 3rd ed.
|
| 260 |
0 |
0 |
|a Upper Saddle River, N.J. :
|b Prentice Hall ,
|c c2003.
|
| 300 |
|
|
|a 1 v. (various pagings) :
|b ill. (some col.) ;
|c 27 cm.
|
| 650 |
0 |
0 |
|a Ecology.
|
| 650 |
0 |
0 |
|a Environmental sciences.
|
| 650 |
0 |
0 |
|a Nature
|x Effect of human beings on.
|
| 999 |
|
|
|a 0000006247
|b Monograph
|c Open Shelf
|e Default branch
|